| 000 | 01268nam a2200349 i 4500 | ||
|---|---|---|---|
| 001 | 000027709 | ||
| 003 | DO-SdBNP | ||
| 005 | 20251016134319.0 | ||
| 007 | ta | ||
| 008 | 110404s2005 dr 000 0 spa d | ||
| 040 |
_aDO-SdBNP _bspa _cBNPHU _erda |
||
| 041 | _aspa | ||
| 082 | 4 |
_a342.729302 _bR426c 2005 _222 |
|
| 110 | 1 |
_aRepública Dominicana. _9447 _bConstitución |
|
| 240 | 1 | 0 | _aleyes |
| 245 | 1 | 0 |
_aConstitución de la República Dominicana ; _bLey electoral Nº. 275/97 y modificaciones |
| 264 | 1 |
_aSanto Domingo : _bJunta Central Electoral, _c2005. |
|
| 300 |
_a170 páginas ; _c20 cm. |
||
| 336 |
_atexto _btxt _2rdacontent |
||
| 337 |
_asin mediación _bn _2rdamedia |
||
| 338 |
_avolumen _bnc _2rdacarrier |
||
| 590 | _aInventariado, 2018/YL | ||
| 650 | 4 |
_aElecciones _xLegislación _zRepública Dominicana _9412 |
|
| 650 | 4 |
_aLeyes _zRepública Dominicana _93033 |
|
| 651 | 4 |
_aRepública Dominicana _xConstitución (2002) _910514 |
|
| 651 | 4 |
_aRepública Dominicana _xDerecho constitucional _99303 |
|
| 651 | 4 |
_aRepública Dominicana _xLey 275-97 _954781 |
|
| 710 | 1 |
_aRepública Dominicana. _b Junta Central Electoral _964605 |
|
| 740 | 1 | 2 | _aLey electoral no. 275/97 y modificaciones |
| 910 | _aValidado. Control de calidad EMS | ||
| 942 |
_2ddc _cLBS1 |
||
| 999 |
_c27201 _d27201 |
||